[Event "Olomouc Chess Summer 2013 - Valoz Cup"]
[Site "?"]
[Date "2013.08.01"]
[Round "2.1"]
[White "Mirzoev, Azer"]
[Black "Akkozov, Berik"]
[Result "1/2-1/2"]
[WhiteElo "2536"]
[BlackElo "2377"]
[PlyCount "73"]
[EventDate "2013.??.??"]

1. d4 d5 2. c4 c6 3. Nc3 Nf6 4. Nf3 a6 5. e3 g6 6. c5 Bg7 7. b4 Bg4 8. Bb2 Nbd7
9. Be2 Bxf3 10. Bxf3 e5 11. O-O O-O 12. Qc2 exd4 13. exd4 Re8 14. Rad1 Nf8 15.
Bc1 Ne6 16. Be3 h5 17. h3 Nh7 18. g3 f5 19. Ne2 h4 20. Rd3 Qf6 21. Bg2 Re7 22.
f4 Rae8 23. Rf3 hxg3 24. Rxg3 Qh4 25. Rxg6 Nxc5 26. dxc5 Rxe3 27. Qc3 R3e7 28.
Rdg3 Nf6 29. Rxf6 Kh7 30. Rg5 Rxe2 31. Rxg7+ Kxg7 32. Rxf5+ Kh6 33. Rf6+ Kg7
34. Rf5+ Kh6 35. Rf6+ Kg7 36. Rf5+ Kh6 37. Rf6+ 1/2-1/2

[Event "Olomouc Chess Summer 2013 - Valoz Cup"]
[Site "?"]
[Date "2013.08.01"]
[Round "2.2"]
[White "Cerveny, Petr"]
[Black "Simantsev, Mikhail"]
[Result "1-0"]
[WhiteElo "2285"]
[BlackElo "2473"]
[PlyCount "81"]
[EventDate "2013.??.??"]

1. e4 c5 2. Nf3 e6 3. c3 Nf6 4. e5 Nd5 5. d4 cxd4 6. cxd4 b6 7. Nc3 Nxc3 8.
bxc3 Qc7 9. Bd2 d6 10. Bd3 Bb7 11. O-O Nd7 12. Ng5 dxe5 13. Qh5 g6 14. Qh3 Be7
15. Rae1 Bd5 16. c4 Bxc4 17. Qf3 O-O 18. Nxf7 Bxa2 19. Rc1 Qb8 20. Nh6+ Kg7 21.
Qc6 Qd6 22. Qa4 Bd5 23. Ng4 Rfd8 24. dxe5 Qb8 25. Qf4 Rg8 26. Bxg6 hxg6 27.
Qh6+ Kf7 28. Qh7+ Rg7 29. Nh6+ Ke8 30. Qxg7 Nc5 31. Ng8 Qb7 32. Qxg6+ Kd8 33.
Nxe7 Kxe7 34. Bb4 Qc6 35. Qg7+ Ke8 36. Bxc5 bxc5 37. Rc3 Qd7 38. Qh8+ Ke7 39.
Qf6+ Ke8 40. Rh3 Qe7 41. Qg6+ 1-0

[Event "Olomouc Chess Summer 2013 - Valoz Cup"]
[Site "?"]
[Date "2013.08.01"]
[Round "2.3"]
[White "Simacek, Pavel"]
[Black "Narayanan, Srinath"]
[Result "1/2-1/2"]
[WhiteElo "2468"]
[BlackElo "2475"]
[PlyCount "88"]
[EventDate "2013.??.??"]

1. e4 c5 2. Nf3 d6 3. Bb5+ Nd7 4. c3 Ngf6 5. Qe2 a6 6. Ba4 e5 7. O-O Be7 8. d4
b5 9. Bc2 Bb7 10. dxe5 dxe5 11. c4 b4 12. Rd1 Qc7 13. a3 O-O 14. axb4 cxb4 15.
Nbd2 Nc5 16. b3 Rfe8 17. Bb2 Bf8 18. Nh4 g6 19. g3 Bh6 20. f3 Ne6 21. Nf1 Rad8
22. Ng2 Nd4 23. Qf2 Qc5 24. Ne1 a5 25. Kg2 Qb6 26. Ra2 Bc6 27. Bb1 Rd7 28. Ne3
Nxb3 29. Nd5 Nxd5 30. exd5 Be3 31. Qe2 Bxd5 32. cxd5 Bh6 33. Bc2 Nc5 34. Ba4
Nxa4 35. Rxa4 Qc5 36. Raa1 Rxd5 37. Rxd5 Qxd5 38. Rd1 Qc6 39. Qe4 Qxe4 40. fxe4
a4 41. Nc2 Bf8 42. Rb1 f6 43. Kf3 Rc8 44. Ne3 a3 1/2-1/2

[Event "Olomouc Chess Summer 2013 - Valoz Cup"]
[Site "?"]
[Date "2013.08.01"]
[Round "2.4"]
[White "Mammadov, Zaur"]
[Black "Bures, Jaroslav"]
[Result "1-0"]
[WhiteElo "2437"]
[BlackElo "2379"]
[PlyCount "45"]
[EventDate "2013.??.??"]

1. e4 c6 2. c4 d5 3. cxd5 cxd5 4. exd5 Nf6 5. Bb5+ Nbd7 6. Nc3 a6 7. Qa4 Rb8 8.
Bxd7+ Qxd7 9. Qb3 b5 10. Nge2 Bb7 11. Nf4 g5 12. Nd3 e6 13. O-O Nxd5 14. Ne4
Rc8 15. Ne5 Qc7 16. d4 Bg7 17. Re1 h6 18. Bd2 Bxe5 19. dxe5 Qxe5 20. Rad1 Qc7
21. Qa3 Qe7 22. Nd6+ Kf8 23. Nxb7 1-0

[Event "Olomouc Chess Summer 2013 - Valoz Cup"]
[Site "?"]
[Date "2013.08.01"]
[Round "2.5"]
[White "Krejci, Jan"]
[Black "Rzayev, Bahruz"]
[Result "1-0"]
[WhiteElo "2521"]
[BlackElo "2429"]
[PlyCount "101"]
[EventDate "2013.??.??"]

1. e4 e5 2. Nf3 Nc6 3. Bc4 Nf6 4. Ng5 d5 5. exd5 Na5 6. Bb5+ c6 7. dxc6 bxc6 8.
Be2 h6 9. Nh3 Bc5 10. d3 O-O 11. Nc3 Bxh3 12. gxh3 Nd5 13. Bf3 Qh4 14. O-O Nxc3
15. bxc3 Qxh3 16. Bg2 Qh4 17. Rb1 Rac8 18. Qe1 Bb6 19. Be3 Bc7 20. Rb4 Qe7 21.
c4 f5 22. Bd2 Bb6 23. Rb1 Nb7 24. a4 Nd6 25. Bb4 c5 26. Bd5+ Kh8 27. Bc3 Rce8
28. Kh1 Kh7 29. Qe2 f4 30. Qg4 Qg5 31. Qxg5 hxg5 32. Rfe1 Rf5 33. Bf3 Kg6 34.
Bg4 Rf7 35. Rxe5 Rxe5 36. Bxe5 Nf5 37. Bc3 Nd4 38. a5 Bd8 39. Bxd4 cxd4 40. Rb5
Re7 41. Rd5 Re1+ 42. Kg2 Bf6 43. Rd7 Rc1 44. Rxa7 Rxc2 45. a6 Ra2 46. c5 Be5
47. c6 f3+ 48. Kxf3 Kh6 49. c7 Bxc7 50. Rxc7 g6 51. Bc8 1-0

[Event "Olomouc Chess Summer 2013 - Prima Pack "]
[Site "?"]
[Date "2013.08.01"]
[Round "2.1"]
[White "Kubik, Michael"]
[Black "Klima, Lukas"]
[Result "0-1"]
[WhiteElo "2154"]
[BlackElo "2353"]
[PlyCount "70"]
[EventDate "2013.??.??"]

1. e4 e5 2. Nf3 Nc6 3. Bb5 Nge7 4. O-O d6 5. c3 Bd7 6. d4 Ng6 7. Be3 Be7 8.
Nbd2 O-O 9. d5 Nb8 10. a4 c6 11. Bc4 Qc7 12. dxc6 Bxc6 13. Qc2 Nd7 14. Rfd1 h6
15. h3 Nf6 16. Bf1 d5 17. exd5 Nxd5 18. Re1 Nxe3 19. Rxe3 Rad8 20. Rae1 Bc5 21.
R3e2 Rfe8 22. Ne4 Bf8 23. Rd2 Nf4 24. Bb5 Rxd2 25. Nfxd2 a6 26. Bc4 Kh8 27. f3
Rd8 28. Bf1 Qb6+ 29. Nf2 Bxa4 30. Nc4 Bxc2 31. Nxb6 f6 32. g3 Ne6 33. Nc4 b5
34. Ne3 Bb3 35. Ne4 Nc5 0-1

[Event "Olomouc Chess Summer 2013 - Prima Pack "]
[Site "?"]
[Date "2013.08.01"]
[Round "2.2"]
[White "Jurek, Josef"]
[Black "Wiley, Tom E"]
[Result "1/2-1/2"]
[WhiteElo "2278"]
[BlackElo "2256"]
[PlyCount "81"]
[EventDate "2013.??.??"]

1. c4 Nf6 2. Nf3 e6 3. g3 d5 4. d4 dxc4 5. Bg2 a6 6. O-O Nc6 7. e3 Bd7 8. Qe2
b5 9. Rd1 Be7 10. Nc3 Rb8 11. e4 b4 12. d5 Na5 13. dxe6 fxe6 14. e5 bxc3 15.
exf6 Bxf6 16. bxc3 Qe7 17. Ne5 Ba4 18. Re1 O-O 19. h4 Rfe8 20. Bf4 Rbd8 21.
Rac1 Bb5 22. Qh5 g6 23. Qe2 Qc5 24. Ng4 Bg7 25. Qe3 Qxe3 26. Rxe3 Rd7 27. Be5
Nc6 28. Bxg7 Kxg7 29. Bxc6 Bxc6 30. Ne5 Rd6 31. Nxc4 Rdd8 32. Ne5 Ba8 33. Nd3
Rd6 34. Rce1 Bd5 35. Nb4 Rf8 36. f4 a5 37. Nxd5 exd5 38. Rb1 d4 39. cxd4 Rxd4
40. Re7+ Rf7 41. Rxf7+ 1/2-1/2

[Event "Olomouc Chess Summer 2013 - Prima Pack "]
[Site "?"]
[Date "2013.08.01"]
[Round "2.4"]
[White "Obsivac, Josef"]
[Black "Tokmachev, Mikhail"]
[Result "1/2-1/2"]
[WhiteElo "2298"]
[BlackElo "2356"]
[PlyCount "45"]
[EventDate "2013.??.??"]

1. d4 d5 2. c4 c6 3. Nf3 Nf6 4. Nc3 e6 5. Bg5 h6 6. Bh4 Be7 7. e3 Nbd7 8. Qc2
O-O 9. Rd1 Re8 10. a3 b6 11. cxd5 exd5 12. Bd3 Bb7 13. O-O Ne4 14. Bg3 Nxg3 15.
hxg3 Nf6 16. e4 dxe4 17. Nxe4 Qc7 18. Rfe1 c5 19. Nxf6+ Bxf6 20. dxc5 Qxc5 21.
Qxc5 bxc5 22. Rxe8+ Rxe8 23. Bc4 1/2-1/2

[Event "Olomouc Chess Summer 2013 - Prima Pack "]
[Site "?"]
[Date "2013.08.01"]
[Round "2.5"]
[White "Dobes, Vojtech"]
[Black "Biolek, Richard"]
[Result "0-1"]
[WhiteElo "2106"]
[BlackElo "2437"]
[PlyCount "108"]
[EventDate "2013.??.??"]

1. e4 e5 2. Nf3 Nc6 3. Bb5 a6 4. Ba4 Nf6 5. d4 exd4 6. O-O Be7 7. Re1 b5 8. Bb3
O-O 9. e5 Ne8 10. Bd5 Rb8 11. Bxc6 dxc6 12. Nxd4 Rb6 13. Be3 c5 14. Nb3 Qxd1
15. Rxd1 c4 16. Nc5 Rc6 17. Nd7 Bxd7 18. Rxd7 Re6 19. Nc3 Rxe5 20. Bf4 Re6 21.
Nd5 Bf6 22. Nxf6+ Nxf6 23. Rdd1 c6 24. Kf1 Nd5 25. Bd2 Rfe8 26. Re1 f5 27. Rxe6
Rxe6 28. f3 Kf7 29. Kf2 Ke7 30. a3 Kd6 31. Bb4+ c5 32. Bd2 Kc6 33. Rd1 b4 34.
Ra1 Kb5 35. a4+ Kc6 36. Rd1 Re8 37. b3 cxb3 38. cxb3 a5 39. Rc1 Re6 40. g3 h6
41. h4 h5 42. Rc2 Re5 43. Bf4 Nxf4 44. gxf4 Rd5 45. Ke3 Rd1 46. Rg2 Rb1 47.
Rg6+ Kd5 48. Ra6 Rxb3+ 49. Ke2 Kd4 50. Rxa5 Ra3 51. Ra8 Kc3 52. a5 c4 53. a6 b3
54. a7 b2 0-1

[Event "Olomouc Chess Summer 2013 - Open Olomou"]
[Site "?"]
[Date "2013.08.01"]
[Round "1.1"]
[White "Mammadova, Narmin"]
[Black "Plat, Vojtech"]
[Result "0-1"]
[WhiteElo "2020"]
[BlackElo "2470"]
[PlyCount "118"]
[EventDate "2013.??.??"]

1. e4 c5 2. c3 g6 3. d4 cxd4 4. cxd4 Bg7 5. Nc3 d6 6. h3 Nf6 7. Nf3 O-O 8. Be2
b6 9. O-O Bb7 10. Qc2 Nc6 11. d5 Nb4 12. Qa4 a5 13. Be3 Rc8 14. Rac1 Na6 15.
Rfd1 Nc5 16. Bxc5 bxc5 17. Nd2 Nd7 18. Bg4 Nb6 19. Qc2 Ra8 20. a4 Ba6 21. Nb5
Qb8 22. Be2 f5 23. b3 Bc8 24. Bd3 f4 25. Be2 Nd7 26. Nf3 Ne5 27. Nxe5 Bxe5 28.
Qd3 Bd7 29. Qf3 h5 30. Kf1 Kg7 31. Ke1 Qb6 32. Kf1 Rh8 33. Na3 Qb4 34. Nc4 Bd4
35. Rxd4 cxd4 36. e5 Rhf8 37. Qe4 Bf5 38. Qxd4 dxe5 39. Qxe5+ Rf6 40. Kg1 Raf8
41. Nb2 Qe4 42. Qxe4 Bxe4 43. Bc4 Rd6 44. Re1 Bxd5 45. Rxe7+ Kh6 46. Ra7 f3 47.
Rxa5 Bxc4 48. Nxc4 Rd1+ 49. Kh2 Rf1 50. gxf3 Rxf2+ 51. Kg1 R2xf3 52. Rb5 h4 53.
Nd2 Rg3+ 54. Kh1 Rxh3+ 55. Kg2 Rg3+ 56. Kh1 Re8 57. Rd5 Re1+ 58. Kh2 Re2+ 59.
Kh1 Rc3 0-1

[Event "Olomouc Chess Summer 2013 - Open Olomou"]
[Site "?"]
[Date "2013.08.01"]
[Round "1.2"]
[White "Johansson, Jan"]
[Black "Seidl, Antonin"]
[Result "1-0"]
[WhiteElo "2394"]
[BlackElo "2018"]
[PlyCount "31"]
[EventDate "2013.??.??"]

1. d4 Nf6 2. Nf3 b6 3. Bg5 Bb7 4. e3 e6 5. Bd3 c5 6. O-O Be7 7. c4 cxd4 8. exd4
d5 9. Bxf6 Bxf6 10. cxd5 Bxd5 11. Nc3 Bxf3 12. Qxf3 Nd7 13. d5 e5 14. Ne4 O-O
15. Qh3 g6 16. Qxd7 1-0

[Event "Olomouc Chess Summer 2013 - Open Olomou"]
[Site "?"]
[Date "2013.08.01"]
[Round "1.3"]
[White "Vaculik, Jakub"]
[Black "Kanovsky, David"]
[Result "0-1"]
[WhiteElo "2010"]
[BlackElo "2391"]
[PlyCount "62"]
[EventDate "2013.??.??"]

1. d4 Nf6 2. Nf3 c5 3. d5 e6 4. c4 exd5 5. cxd5 d6 6. Nc3 g6 7. e4 a6 8. a4 Bg4
9. Be2 Bxf3 10. Bxf3 Nbd7 11. O-O Bg7 12. Be3 O-O 13. h3 Re8 14. Qc2 Rc8 15.
Rfe1 c4 16. Be2 Qe7 17. f3 Nh5 18. Rad1 Be5 19. Qd2 Qh4 20. Bf2 Qf6 21. Bf1 Bf4
22. Be3 Ne5 23. Bxf4 Nxf4 24. Qe3 h5 25. g3 Nfd3 26. Bxd3 Nxf3+ 27. Kh1 Nxe1
28. Rxe1 cxd3 29. Qxd3 Qe5 30. Rf1 Re7 31. Kg2 Rc5 0-1

[Event "Olomouc Chess Summer 2013 - Open Olomou"]
[Site "?"]
[Date "2013.08.01"]
[Round "1.5"]
[White "Stehlik, Jiri"]
[Black "Pasiev, Rakhim"]
[Result "0-1"]
[WhiteElo "2008"]
[BlackElo "2376"]
[PlyCount "210"]
[EventDate "2013.??.??"]

1. d4 d5 2. Nf3 Nc6 3. Bf4 Bg4 4. e3 Qd7 5. Be2 f6 6. Nbd2 g5 7. Bg3 h5 8. h3
Bf5 9. a3 e6 10. Bd3 O-O-O 11. b4 h4 12. Bh2 Bd6 13. Nb3 Bxh2 14. Nxh2 Nh6 15.
Qe2 Rdg8 16. Nc5 Qd6 17. Ng4 Bxg4 18. hxg4 f5 19. gxf5 exf5 20. O-O-O Nd8 21.
c4 dxc4 22. Bxc4 Re8 23. Qc2 Re7 24. Kb1 Kb8 25. Qd3 Rf8 26. f3 Qg3 27. Rd2 b6
28. Na6+ Kc8 29. Re2 g4 30. e4 h3 31. fxg4 hxg2 32. Rg1 Qxd3+ 33. Bxd3 fxe4 34.
Rgxg2 Rf4 35. g5 Nf5 36. Bc4 Nxd4 37. Re1 e3 38. Be2 Rf2 39. Bg4+ Kb7 40. Rg3
Nc2 41. Re2 Kxa6 42. Kxc2 Nc6 43. Kc3 Kb7 44. Rgxe3 Rxe2 45. Rxe2 Rg7 46. Bf3
Rxg5 47. Re6 Rg3 48. Rf6 Kc8 49. Kb2 Nd4 50. Bd5 Kd7 51. Rf4 Ne2 52. Rf6 Re3
53. Bc6+ Ke7 54. Rh6 Nf4 55. Bb5 Nd5 56. Rh7+ Kd6 57. Bc4 Nf6 58. Rf7 Rf3 59.
Rg7 Ne4 60. Rg6+ Ke5 61. Bb5 Rf2+ 62. Kb3 Rf3+ 63. Kb2 Nd6 64. Ba6 b5 65. Rg7
c6 66. Bb7 Nc4+ 67. Kc1 Kd6 68. Rg6+ Kc7 69. Rg7+ Kb6 70. Bc8 Nd6 71. Be6 Rxa3
72. Rd7 Ne4 73. Rd4 Re3 74. Bf5 Nf6 75. Kb2 Nd5 76. Bg4 Nf6 77. Bf5 Nd5 78. Bg4
Kc7 79. Bh5 Kd6 80. Bg6 Rg3 81. Bf7 Ke5 82. Rh4 Rf3 83. Be8 Kd6 84. Rh6+ Rf6
85. Rh4 Nc7 86. Rh8 Nxe8 87. Rxe8 Rf4 88. Kb3 Rf3+ 89. Kb2 Kd5 90. Rc8 Kd6 91.
Ra8 Rf7 92. Rd8+ Kc7 93. Ra8 Kb7 94. Rh8 a5 95. bxa5 Ka6 96. Ra8+ Ra7 97. Rc8
Kb7 98. Rh8 Rxa5 99. Rh7+ Kb6 100. Rh5 Ra4 101. Rg5 Rh4 102. Kb3 c5 103. Rg8
Rh3+ 104. Kb2 c4 105. Rc8 Ka5 0-1

[Event "Olomouc Chess Summer 2013 - Open Olomou"]
[Site "?"]
[Date "2013.08.01"]
[Round "1.7"]
[White "Mager, Denis"]
[Black "Vrana, Jan"]
[Result "0-1"]
[WhiteElo "2006"]
[BlackElo "2356"]
[PlyCount "66"]
[EventDate "2013.??.??"]

1. d4 d5 2. Nf3 Nf6 3. e3 e6 4. Bd3 c5 5. b3 Nc6 6. a3 Bd6 7. Bb2 cxd4 8. exd4
Qc7 9. O-O O-O 10. Qe2 b6 11. Nbd2 Bb7 12. Ne5 Rac8 13. f4 Ne7 14. Rae1 Ne4 15.
Bxe4 dxe4 16. Ndc4 Bxe5 17. dxe5 Ba6 18. Qxe4 Bxc4 19. bxc4 Qxc4 20. Rf2 Rfd8
21. Qxc4 Rxc4 22. Kf1 Rdc8 23. Ree2 Nd5 24. g3 R8c5 25. Bc1 h6 26. h4 h5 27.
Bb2 g6 28. Bc1 a5 29. Kg2 a4 30. Bb2 b5 31. Bc1 Rc8 32. g4 hxg4 33. Kg3 Nc3 0-1

[Event "Olomouc Chess Summer 2013 - Open Olomou"]
[Site "?"]
[Date "2013.08.01"]
[Round "1.8"]
[White "Kriebel, Tadeas"]
[Black "Osmanovic, Faruk"]
[Result "1-0"]
[WhiteElo "2351"]
[BlackElo "2002"]
[PlyCount "69"]
[EventDate "2013.??.??"]

1. e4 c5 2. Nf3 e6 3. d4 cxd4 4. Nxd4 Nf6 5. Nc3 Nc6 6. Ndb5 Bb4 7. a3 Bxc3+ 8.
Nxc3 d5 9. exd5 exd5 10. Bd3 O-O 11. O-O d4 12. Ne2 Re8 13. Bg5 h6 14. Bh4 g5
15. Bg3 Ne4 16. Bb5 Qb6 17. Bd3 Nc5 18. b4 Nxd3 19. Qxd3 Bg4 20. Rae1 Rad8 21.
Nc1 Be6 22. f4 g4 23. f5 Bd5 24. Qd1 h5 25. Nd3 f6 26. h3 Kf7 27. Qd2 Rh8 28.
h4 Ne7 29. Nc5 Qc6 30. Re6 Bxe6 31. fxe6+ Kg7 32. Rxf6 Rh7 33. Qg5+ Kh8 34. Be5
Rg8 35. Rf8+ 1-0

[Event "Olomouc Chess Summer 2013 - Open Olomou"]
[Site "?"]
[Date "2013.08.01"]
[Round "1.9"]
[White "Titera, Libor"]
[Black "Kireev, Aleksei"]
[Result "0-1"]
[WhiteElo "1999"]
[BlackElo "2337"]
[PlyCount "62"]
[EventDate "2013.??.??"]

1. e4 d6 2. d4 g6 3. Nc3 c6 4. Be3 e5 5. dxe5 dxe5 6. Bc4 Qxd1+ 7. Rxd1 Bh6 8.
Bc5 Nd7 9. Bd6 Bf8 10. Bc7 a5 11. a4 Ra7 12. Rxd7 Bxd7 13. Bxe5 f6 14. Bd4 c5
15. Be3 b6 16. Nf3 Bc6 17. O-O Bd6 18. Nd2 Ne7 19. f4 Kd8 20. Rd1 Nc8 21. e5
fxe5 22. Nde4 Kc7 23. Nf6 exf4 24. Nfd5+ Kb8 25. Nxf4 Re8 26. Nfd5 Be5 27. Bf2
Rd7 28. Re1 Rd6 29. Bg3 Bxg3 30. Rxe8 Bxh2+ 31. Kxh2 Bxe8 0-1

[Event "Olomouc Chess Summer 2013 - Open Olomou"]
[Site "?"]
[Date "2013.08.01"]
[Round "1.10"]
[White "Tregubov, Andrey"]
[Black "Ukkelberg, Oyvind"]
[Result "1-0"]
[WhiteElo "2333"]
[BlackElo "1983"]
[PlyCount "59"]
[EventDate "2013.??.??"]

1. e4 g6 2. d4 Bg7 3. c4 d6 4. Nc3 Nd7 5. Nf3 h6 6. Be2 e6 7. Be3 g5 8. d5 exd5
9. cxd5 Ngf6 10. Nd4 Ne5 11. Bb5+ Kf8 12. h3 a6 13. Be2 c5 14. dxc6 bxc6 15.
Qd2 d5 16. Rd1 c5 17. Nb3 c4 18. Nc5 Qc7 19. Nxd5 Nxd5 20. Qxd5 Rb8 21. Rd2 Kg8
22. O-O Kh7 23. f4 gxf4 24. Rxf4 Rb5 25. Bf1 Bf8 26. b4 Rxb4 27. Rdf2 Kg6 28.
Rf6+ Kg7 29. Bd4 Bxc5 30. Rxf7+ 1-0

[Event "Olomouc Chess Summer 2013 - Open Olomou"]
[Site "?"]
[Date "2013.08.01"]
[Round "1.11"]
[White "Kuciel, Wladyslaw"]
[Black "Maryasin, Boris"]
[Result "0-1"]
[WhiteElo "1978"]
[BlackElo "2332"]
[PlyCount "90"]
[EventDate "2013.??.??"]

1. d4 Nf6 2. c4 e6 3. Nf3 c5 4. d5 b5 5. e4 Nxe4 6. Bd3 Nf6 7. dxe6 fxe6 8. Ng5
Qc7 9. O-O bxc4 10. Bxh7 Nc6 11. Bg6+ Ke7 12. g3 Bb7 13. Na3 Ne5 14. Bc2 Qc6
15. f3 Qd5 16. Qe2 Neg4 17. Rd1 Qe5 18. Qxe5 Nxe5 19. Bf4 Nxf3+ 20. Nxf3 Bxf3
21. Re1 d5 22. Re3 Bg4 23. Rae1 Kd7 24. Ba4+ Kd8 25. Bc6 Rc8 26. Bb7 Rc7 27.
Bxc7+ Kxc7 28. Ba6 Bf5 29. Nb5+ Kd7 30. Nxa7 Bd6 31. Bb5+ Kc7 32. Ba4 Kb6 33.
Rxe6 Bxe6 34. Rxe6 Kxa7 35. Rxd6 Rb8 36. g4 d4 37. g5 Ne4 38. Rd7+ Ka6 39. Rxg7
Rxb2 40. Bc6 Nd6 41. Rg6 c3 42. Be4 Rb6 43. Rxd6 Rxd6 44. Bd3+ Ka5 45. a3 c4
0-1

[Event "Olomouc Chess Summer 2013 - Open Olomou"]
[Site "?"]
[Date "2013.08.01"]
[Round "1.13"]
[White "Tomte, Asbjorn"]
[Black "Jasny, Stanislav"]
[Result "0-1"]
[WhiteElo "1938"]
[BlackElo "2311"]
[PlyCount "64"]
[EventDate "2013.??.??"]

1. d4 Nf6 2. c4 e6 3. Nc3 Bb4 4. a3 Bxc3+ 5. bxc3 c5 6. e3 b6 7. Bd3 Bb7 8. f3
Nc6 9. Ne2 O-O 10. O-O e5 11. g4 cxd4 12. cxd4 exd4 13. e4 Rc8 14. g5 Nh5 15.
f4 Re8 16. Ng3 Nxg3 17. hxg3 Na5 18. Re1 Nxc4 19. Ra2 d6 20. Rh2 g6 21. Qa4 Qc7
22. Rc2 d5 23. e5 Bc6 24. Qb3 Qd7 25. Rh2 Ba4 26. Qb1 Qg4 27. Kf2 Bd1 28. Reh1
Qf3+ 29. Ke1 Nxe5 30. fxe5 Rxe5+ 31. Kd2 Ba4 32. Re1 Bc2 0-1

[Event "Olomouc Chess Summer 2013 - Open Olomou"]
[Site "?"]
[Date "2013.08.01"]
[Round "1.14"]
[White "Gunajew, Rafal"]
[Black "Skalicky, Tomas"]
[Result "1/2-1/2"]
[WhiteElo "2310"]
[BlackElo "1935"]
[PlyCount "127"]
[EventDate "2013.??.??"]

1. e4 c5 2. Nf3 d6 3. Bd3 Nf6 4. c3 g6 5. h3 Bg7 6. Bc2 O-O 7. d4 a6 8. O-O b5
9. Be3 Qc7 10. Nbd2 Bb7 11. Rc1 Nbd7 12. Nh2 e5 13. f4 Rac8 14. fxe5 dxe5 15.
d5 Ne8 16. Ng4 Nd6 17. Qe1 h5 18. Nh2 f5 19. exf5 gxf5 20. Qh4 Bxd5 21. Nhf3 f4
22. Ng5 Nf5 23. Bxf5 Rxf5 24. Qxh5 Nf6 25. Qg6 Rxg5 26. Qxg5 fxe3 27. Qxe3 Re8
28. Rf5 Bf7 29. Rcf1 Nd5 30. Qf3 Nf4 31. Rg5 Qe7 32. Ne4 Bd5 33. Rg3 Rf8 34.
Qe3 c4 35. Kh2 Kh8 36. Re1 Nd3 37. Re2 Nf4 38. Rd2 Nd3 39. Ng5 e4 40. Qe2 Be5
41. Qh5+ Kg8 42. Qg6+ Qg7 43. Qxg7+ Kxg7 44. Ne6+ Kf7 45. Nxf8 Kxf8 46. h4 e3
47. Re2 Nf2 48. Rexe3 Ne4 49. Ref3+ Ke7 50. h5 Nxg3 51. Rxg3 Kf6 52. Kh3 Bxg3
53. Kxg3 Kg5 54. Kf2 Kxh5 55. Ke3 Bxg2 56. Kd4 Kg4 57. Kc5 Kf3 58. Kb6 Ke2 59.
Kxa6 Kd2 60. Kxb5 Kc2 61. Kxc4 Kxb2 62. a4 Ka3 63. Kb5 Kb3 64. c4 1/2-1/2

[Event "Olomouc Chess Summer 2013 - Open Olomou"]
[Site "?"]
[Date "2013.08.01"]
[Round "1.15"]
[White "Czajkowski, Adam"]
[Black "Kazakov, Konstantin"]
[Result "0-1"]
[WhiteElo "1933"]
[BlackElo "2307"]
[PlyCount "72"]
[EventDate "2013.??.??"]

1. e4 c5 2. Nf3 Nc6 3. d4 cxd4 4. Nxd4 Qb6 5. Nb3 Nf6 6. Nc3 e6 7. Be2 Bb4 8.
Bd3 O-O 9. O-O Bxc3 10. bxc3 d6 11. Be3 Qc7 12. f4 a6 13. c4 b6 14. c3 Bb7 15.
g4 Nd7 16. Rf3 Ne7 17. Rh3 g6 18. Qe1 f5 19. Rxh7 Kxh7 20. Qh4+ Kg8 21. Qxe7
Rf7 22. Qg5 Nf8 23. gxf5 exf5 24. exf5 Qc6 25. Qg3 Re8 26. Bd4 Qf3 27. Qxf3
Bxf3 28. Nd2 Ba8 29. Kf2 gxf5 30. Rg1+ Kh7 31. Rg5 Be4 32. Nxe4 fxe4 33. f5 Kh6
34. h4 exd3 35. Kg3 d2 36. Kg4 d1=Q+ 0-1

[Event "Olomouc Chess Summer 2013 - Open Olomou"]
[Site "?"]
[Date "2013.08.01"]
[Round "1.16"]
[White "Ageichenko, Gennady"]
[Black "Jenssen, Ove"]
[Result "1-0"]
[WhiteElo "2302"]
[BlackElo "1909"]
[PlyCount "89"]
[EventDate "2013.??.??"]

1. e4 e6 2. d4 d5 3. Nc3 Bb4 4. e5 c5 5. a3 Bxc3+ 6. bxc3 Ne7 7. Nf3 Nbc6 8. a4
O-O 9. Bd3 Nf5 10. Ba3 b6 11. O-O f6 12. Re1 fxe5 13. Nxe5 Nxe5 14. Rxe5 Qf6
15. Qe2 Ne7 16. dxc5 Bd7 17. Re1 Rfe8 18. Bb5 Nc6 19. Re3 Rac8 20. cxb6 axb6
21. Rf3 Qd8 22. Qd3 Qc7 23. Rh3 g6 24. Rhe3 Na5 25. Bb4 Nc4 26. Rg3 Kg7 27.
Qd4+ Kg8 28. h4 Bxb5 29. axb5 Qd7 30. h5 e5 31. Qd3 e4 32. Qd4 Qf5 33. hxg6
hxg6 34. Ra1 Ra8 35. Ra6 Kf7 36. Rh3 Qe5 37. Qxe5 Nxe5 38. Rxb6 Re6 39. Rh7+
Kf6 40. Rxe6+ Kxe6 41. b6 Nf7 42. Rxf7 Kxf7 43. Bd6 Ra1+ 44. Kh2 Rb1 45. Bb4
1-0

[Event "Olomouc Chess Summer 2013 - Open Olomou"]
[Site "?"]
[Date "2013.08.01"]
[Round "1.17"]
[White "Blazeka, Djuro"]
[Black "Musaev, Rasul"]
[Result "0-1"]
[WhiteElo "1908"]
[BlackElo "2301"]
[PlyCount "58"]
[EventDate "2013.??.??"]

1. e4 c5 2. b3 Nc6 3. Bb2 d6 4. Bb5 Bd7 5. Bxc6 Bxc6 6. d3 Nf6 7. Ne2 g6 8. O-O
Bg7 9. c4 O-O 10. Nbc3 e6 11. Ng3 h5 12. Qd2 d5 13. exd5 exd5 14. f3 h4 15.
Nge2 Re8 16. Qg5 Nh5 17. Qxd8 Raxd8 18. Rab1 d4 19. Ne4 f5 20. g4 fxe4 21. gxh5
exf3 22. Nf4 g5 23. Nd5 Bxd5 24. cxd5 Re3 25. Bc1 g4 26. Bxe3 dxe3 27. h3 e2
28. Rf2 Bd4 29. hxg4 Rxd5 0-1